L'équipe de Côte d'Ivoire à la coupe du monde 2026 - Statistiques

Statistiques générales
  • Ce quiz a été pris 6 fois
  • Le résultat moyen est 14 sur 26
Statistiques - réponses
Poste % Correct
Attaquants Amad Diallo Manchester United
100%
Milieux Séko Fofana FC Porto
100%
Gardiens Yahia Fofana Rizespor
100%
Défenseurs Evan Ndicka AS Rome
83%
Attaquants Nicolas Pépé Villarreal
83%
Défenseurs Ousmane Diomandé Sporting
83%
Attaquants Simon Adingra AS Monaco
83%
Attaquants Yan Diomandé RB Leipzig
83%
Gardiens Alban Lafont Panathinaïkos
67%
Attaquants Ange-Yoan Bonny Inter Milan
67%
Milieux Ibrahim Sangaré Nottingham Forrest
67%
Attaquants Elye Wahi Nice
50%
Milieux Franck Késsié Al-Ahli
50%
Défenseurs Guéla Doué Strasbourg
50%
Milieux Jean-Michaël Séri Maribor
50%
Attaquants Oumar Diakité Cercle Bruges
50%
Attaquants Bazoumana Touré Hoffenheim
33%
Attaquants Evann Guessand Crystal Palace
33%
Défenseurs Odilon Kossonou AEL Larissa
33%
Défenseurs Wilfired Singo Galatasaray
33%
Milieux Christ Oulai Trabzonspor
17%
Défenseurs Clément Apka Auxerre
17%
Défenseurs Ghislain Konan Gil Vicente
17%
Défenseurs Emmanuel Agbadou Beşiktaş
0%
Gardiens Mohamed Koné Charleroi
0%
Milieux Parfait Guiagon Charleroi
0%
Aucun quiz correspondant
Distribution des résultats
% des personnes avec chaque résultat
Percentile par nombre de réponses
Votre historique - résultats
Vous n’avez pas pris ce quiz